History of Customs Duties and its use in the Import of Goods
Popis celkovej histórie a vývoja ciel. Problematika dovozných ciel, ktoré musí podnikateľ zaplatiť pri nákupe z tretích krajín. Colný zákonník, colný sadzobník, tarifa a výpočet cla. Praktický príklad výpočtu cla a vyúčtovania. Účtovanie cla so spotrebnou daňou a daňou z pridanej hodnoty.
Gespeichert in:
| 1. Verfasser: | |
|---|---|
| Weitere Verfasser: | |
| Format: | Buchkapitel |
| Sprache: | Englisch |
| Schlagworte: | |
| Tags: |
Keine Tags, Fügen Sie das erste Tag hinzu!
|
MARC
| LEADER | 00000naa$a2200000$$$4500 | ||
|---|---|---|---|
| 001 | 0269258 | ||
| 005 | 20240502074222.7 | ||
| 041 | 0 | |a eng | |
| 044 | |a SK | ||
| 245 | 1 | 0 | |a History of Customs Duties and its use in the Import of Goods |
| 520 | |a Popis celkovej histórie a vývoja ciel. Problematika dovozných ciel, ktoré musí podnikateľ zaplatiť pri nákupe z tretích krajín. Colný zákonník, colný sadzobník, tarifa a výpočet cla. Praktický príklad výpočtu cla a vyúčtovania. Účtovanie cla so spotrebnou daňou a daňou z pridanej hodnoty. | ||
| 610 | 2 | 0 | |a clá |
| 610 | 2 | 0 | |a sadzby colné |
| 610 | 2 | 0 | |a dovoz |
| 610 | 2 | 0 | |a colníctvo |
| 610 | 2 | 0 | |a zdaňovanie medzinárodné |
| 610 | 2 | 0 | |a dane |
| 610 | 2 | 0 | |a účtovanie |
| 610 | 2 | 0 | |a konanie colné |
| 100 | 1 | |a Kopčáková, Janka, 1994- | |
| 700 | 1 | |a Vajdová, Jana, 1983- | |